| 000 | 00902nam a22002771 4500 | ||
|---|---|---|---|
| 001 | 14011 | ||
| 003 | BD-RjUL | ||
| 005 | 20211208235545.0 | ||
| 008 | 140203s1964 njuab b 001 0 eng d | ||
| 035 | _a(BD-RjUL)14063 | ||
| 040 |
_aDLC _cDLC _dDLC _dBD-RjUL _beng |
||
| 041 | _aeng | ||
| 082 | 0 | 0 |
_a650 _bMUI 1964 |
| 100 | 1 |
_aMusselman, Vernon A. _943799 |
|
| 245 | 0 | 0 |
_aIntroduction to modern business: _cby Vernon A. Musselman and Eugene H. Hughes. _banalysis and interpretation / |
| 250 | _a4th ed. | ||
| 260 |
_aEnglewood Cliffs, N.J. : _bPrentice-Hall, _cc1964 |
||
| 300 |
_axiv, 658 p. : _billus. (part col.), col. maps. ; _c24 cm. |
||
| 504 | _aIncludes bibliographies and Index | ||
| 650 | 0 |
_aBusiness. _943800 |
|
| 700 | 1 |
_aHughes, Eugene Harley, _d1908- _ejoint author. _943801 |
|
| 740 | _aModern business. | ||
| 942 |
_2ddc _cBK |
||
| 999 |
_c14011 _d14011 |
||